Statistics for Big 4 Sports Animal-Named Teams

Click here to take the quiz!

General Stats

  • This quiz has been taken 340 times
  • The average score is 26 of 36

Answer Stats

Answer% Correct
Arizona Cardinals
89%
St. Louis Cardinals
89%
Carolina Panthers
88%
Chicago Bears
88%
Florida Panthers
88%
Detroit Lions
86%
Atlanta Falcons
84%
Atlanta Hawks
84%
Miami Dolphins
81%
Philadelphia Eagles
81%
Seattle Seahawks
80%
Anaheim Ducks
78%
Jacksonville Jaguars
77%
Baltimore Ravens
76%
Cincinatti Bengals
74%
Denver Broncos
74%
New Orleans Pelicans
73%
San Jose Sharks
73%
Arizona Coyotes
72%
Detroit Tigers
72%
Toronto Blue Jays
72%
Baltimore Orioles
70%
Pittsburgh Penguins
69%
Milwaukee Bucks
68%
Memphis Grizzlies
64%
Charlotte Hornets
63%
Chicago Bulls
62%
Chicago Cubs
62%
Minnesota Timberwolves
62%
Los Angeles Rams
61%
Tampa Bay Rays
61%
Indianapolis Colts
60%
Arizona Diamondbacks
58%
Boston Bruins
58%
Miami Marlins
58%
Toronto Raptors
53%

Score Distribution

Percentile by Number Answered

Percent of People with Each Score

Your Score History

You have not taken this quiz